000 01157 a2200205 4500
001 57954
005 20260407155839.0
008 260407a1987 arg spa d
003 AR-UNSa-BCEJYS
040 _aAR-UNSa-BCEJYS
_bspa
_cAR-UNSa-BCEJYS
080 _a342.25
_xCentralización y descentralización. Autonomía regional. Transferencia de poderes. Autonomía local (Home rule). Órganos locales del gobierno central
245 1 0 _aDescentralización y reforma constitucional
264 1 _aBuenos Aires :
_bFundación Friedrich Ebert
_c1987
300 _a64 p.
_c20 cm.
505 _aPrimera parte: por Susana Peñalva - 1. Una reflexión sobre descentralización y democratización: a propósito de la reforma del Estado - 2. Sobre la experiencia internacional bajo el signo de la descentralización - 3. Una recapitulación para América Latina: el rumbo de la descentralización en el marco de la crisis / Segunda parte: por Alejandro Rofman - 1. Procesos socio-económicos y descentralización - 2. Consideraciones finales
942 _cBK
590 _aniveau_biblio:m niveau_hierar:0
100 1 _aPeñalva, Susana
700 1 _aRofman, Alejandro
999 _c6339
_d6339